000
00335nam a2200133Ia 4500
008
231129s2000||||xx |||||||||||||| ||spa||
020
_a
958-30-0759-5
040
_b
spa
082
_a
(i) 892.73 S588
245
0
_a
Simbad el marino
260
_c
2000
264
_a
Panamericana
942
_2
ddc
_c
BKS
999
_c
24617
_d
24617